| Tag |
First Indicator |
Second Indicator |
Subfields |
| LEADER |
00000cmm a22000005i 4500 |
| 001 |
in00002694521 |
| 005 |
20151202121744.0 |
| 007 |
co bg ---uuuuu |
| 008 |
110523 200u ua ara |
| 040 |
|
|
|d UtOrBLW
|
| 043 |
|
|
|a a-tu---
|a e------
|
| 090 |
|
|
|a DR486
|b Z93 200u
|
| 245 |
0 |
0 |
|a Arabe 1855 :
|b Zubdat Ihtisar Tarih Muluk Misr al-Mahrusa ; and, The Paris Fragment /
|c by Anonymous.
|
| 246 |
3 |
0 |
|a Zubdat Ihtisar Tarih Muluk Misr al-Mahrusa
|
| 246 |
3 |
|
|a Paris Fragment 1
|
| 246 |
3 |
|
|a Paris Fragment one
|
| 264 |
|
1 |
|a France :
|b Bibliothèque Nationale de France,
|c [200u]
|
| 300 |
|
|
|a 1 CD-ROM (164 pages) :
|b facsimiles
|
| 336 |
|
|
|a computer program
|b cop
|2 rdacontent
|
| 337 |
|
|
|a computer
|b c
|2 rdamedia
|
| 338 |
|
|
|a computer disc
|b cd
|2 rdacarrier
|
| 588 |
|
|
|a Description based on print version record.
|
| 505 |
0 |
|
|a Zubdat Ihtisar Tarih Muluk Misr al-Mahrusa -- The Paris Fragment.
|
| 533 |
|
|
|a Electronic reproduction.
|b Paris;
|c Bibliothèque nationale service photographique, departement des manuscrits.
|d [200u].
|e 1 CD-ROM (4 3/4 in.)
|
| 520 |
2 |
|
|a "Zubdat Ihtisar Tarih Muluk Misr al-Mahrusa and the Paris Fragment cover almost exactly the same time period and describe the same historical events. Both works are chronicles in two parts. In the case of Zubdat, the first is an introduction including the author's account of the history of mankind from Adam up to the time of Prophet Muhammad. This brief, and sometimes inaccurate, narrative occupies one folio (1a-b). Beginning with the Umayyads (2a), it also covers the dynasties that had governed Egypt until the capture of Cairo by Selım I in 923/1517 (3a). The second part of the work focuses on the successive governors of Ottoman Egypt. Though the discussion of historical events is initially very concise, the author elaborates on almost every single important occurrence from fol.7a onwards, where the arrival of Ahmed Pasa (d. 931/1524) in Ramadan 1042/April 1633 is mentioned. Zubdat is one of the few sources on Ottoman Egypt of the 17th century, the obscurities and weaknesses of which can be clarified by reference to other contemporary sources." -- http://www.ottomanhistorians.com
|
| 520 |
2 |
|
|a In the case of the Paris Fragment, the first part provides a historical account of the Ottoman Empire since its inception up to the year 1123/1711.The first line of the first folio starts with “wa-rakabu al-madafi al-kibar” and is perhaps part of the discussion on the conquest of Constantinople by Mehmed II (848-50/1444-46 and 855-86/ 1451-81) in 857/1453. The text then describes the activities of subsequent Ottoman sultans until the reign of Ahmed III (1115-49/1703-36). This brief account of the history of the Ottoman sultans ends on folio 30a where the author describes the Battle of Prut between Russia and the Ottoman State in Zulqada 1123/July 1711..."-- http://www.ottomanhistorians.com
|
| 538 |
|
|
|a System requirements: PC or compatible with Windows 2000/2003/XP with CD-ROM drive recommended.
|
| 500 |
|
|
|a Electronic resource.
|
| 651 |
|
0 |
|a Turkey
|x History
|y Ottoman Empire, 1288-1918.
|
| 651 |
|
0 |
|a Egypt
|x History
|y 1250-1517.
|
| 651 |
|
0 |
|a Egypt
|x Foreign relations
|z Turkey.
|
| 650 |
|
0 |
|a Mamelukes.
|
| 948 |
|
|
|a cataloged
|b h
|c 2011/6/17
|d o
|e rrojas
|
| 999 |
|
|
|a MARS
|
| 999 |
f |
f |
|s d8104009-9883-3b4c-a995-0a42b22f6ae5
|i 73416229-8eb3-3a28-9fca-f9920ad220f2
|t 0
|
| 952 |
f |
f |
|p normal
|a Texas A&M University
|b College Station
|c Sterling C. Evans Library
|d Evans: Library Stacks
|t 0
|e DR486 Z93 200u
|h Library of Congress classification
|i computer -- computer disc
|m A14835785234
|
| 998 |
f |
f |
|a DR486 Z93 200u
|t 0
|l Evans: Library Stacks
|